Practice and reinforcement (Blue level)

Guardat en:
Dades bibliogràfiques
Format: Llibre
Idioma:Undetermined
Publicat: New York Mc Dougal, Littell & Company 1989
Matèries:
Etiquetes: Afegir etiqueta
Sense etiquetes, Sigues el primer a etiquetar aquest registre!
Thư viện lưu trữ: Trung tâm Học liệu Trường Đại học Cần Thơ
LEADER 00568nam a2200193Ia 4500
001 CTU_141507
008 210402s9999 xx 000 0 und d
082 |a 428 
082 |b P895/Gr10 
245 0 |a Practice and reinforcement 
245 0 |b (Blue level) 
245 0 |c Mc Dougal, Littell & Company 
260 |a New York 
260 |b Mc Dougal, Littell & Company 
260 |c 1989 
650 |a English language,Tiếng Anh 
650 |x Study and teaching,Dạy và học 
904 |i Hạ Nguyên 
980 |a Trung tâm Học liệu Trường Đại học Cần Thơ